Optimal Resource Allocation : With Practical Statistical Applications and Theory /

A UNIQUE ENGINEERING AND STATISTICAL APPROACH TO OPTIMAL RESOURCE ALLOCATION Optimal Resource Allocation: With Practical Statistical Applications and Theory features the application of probabilistic and statistical methods used in reliability engineering during the different phases of life cycles of...

Full description

Bibliographic Details
Main Author: Ushakov, Igor (Author)
Corporate Author: Safari, an O'Reilly Media Company
Format: eBook
Language:English
Published: Wiley, 2013.
Edition:1st edition.
Subjects:
Online Access:Connect to this electronic resource

MARC

Tag First Indicator Second Indicator Subfields
LEADER 00000uam a2200000 a 4500
001 in00004257941
005 20260130165700.6
006 m o d
007 cr cn
008 200813s2013 xx o eng
020 |z 9781118389973 
020 |z 9781118400708 
020 |z 1118389972 
035 |a (CaSebORM)9781118400708 
040 |d UtOrBLW 
041 0 |a eng 
100 1 |a Ushakov, Igor,  |e author. 
245 1 0 |a Optimal Resource Allocation :  |b With Practical Statistical Applications and Theory /  |c Ushakov, Igor. 
250 |a 1st edition. 
264 1 |b Wiley,  |c 2013. 
300 |a 1 online resource (256 pages) 
336 |a text  |b txt  |2 rdacontent 
337 |a computer  |b c  |2 rdamedia 
338 |a online resource  |b cr  |2 rdacarrier 
347 |a text file 
520 |a A UNIQUE ENGINEERING AND STATISTICAL APPROACH TO OPTIMAL RESOURCE ALLOCATION Optimal Resource Allocation: With Practical Statistical Applications and Theory features the application of probabilistic and statistical methods used in reliability engineering during the different phases of life cycles of technical systems. Bridging the gap between reliability engineering and applied mathematics, the book outlines different approaches to optimal resource allocation and various applications of models and algorithms for solving real-world problems. In addition, the fundamental background on optimization theory and various illustrative numerical examples are provided. The book also features: An overview of various approaches to optimal resource allocation, from classical Lagrange methods to modern algorithms based on ideas of evolution in biology Numerous exercises and case studies from a variety of areas, including communications, transportation, energy transmission, and counterterrorism protection The applied methods of optimization with various methods of optimal redundancy problem solutions as well as the numerical examples and statistical methods needed to solve the problems Practical thoughts, opinions, and judgments on real-world applications of reliability theory and solves practical problems using mathematical models and algorithms Optimal Resource Allocation is a must-have guide for electrical, mechanical, and reliability engineers dealing with engineering design and optimal reliability problems. In addition, the book is excellent for graduate and PhD-level courses in reliability theory and optimization. 
533 |a Electronic reproduction.  |b Boston, MA :  |c Safari,  |n Available via World Wide Web.  |d 2013. 
538 |a Mode of access: World Wide Web. 
542 |f Copyright © Wiley  |g 2013 
588 |a Online resource; Title from title page (viewed April 8, 2013) 
500 |a Electronic resource. 
655 7 |a Electronic books.  |2 local 
710 2 |a Safari, an O'Reilly Media Company. 
856 4 0 |u https://proxy.library.tamu.edu/login?url=https://go.oreilly.com/TAMU/library/view/-/9781118400708/?ar  |z Connect to this electronic resource  |t 0 
999 f f |s bdfec4e9-ab2f-3b87-9909-6bed539f2d12  |i 4c58b50a-a9bc-338a-9da4-5678a64d2888  |t 0 
952 f f |a Texas A&M University  |b College Station  |c Electronic Resources  |s www_evans  |d Available Online  |t 0  |h No information provided 
998 f f |t 0  |l Available Online